Statystyki dla Powiaty Województwa Podkarpackiego (z Mapą)

Kliknij tutaj aby rozwiązać quiz!

Ogólne statystyki

  • Ten quiz został rozwiązany 16 436 razy
  • Średni wynik to 16 z 25

Odpowiedzi na mapie

Odpowiedzi skodowane kolorowo w zielono-czerwonej skali na mapie do tego quizu, zgodnie z poniższymi procentami.
 

Statystyki odpowiedzi

Powiaty% Poprawnych
Rzeszów
98%
Rzeszowski
91%
Przemyśl
86%
Krosno
82%
Przemyski
82%
Tarnobrzeski
76%
Krośnieński
74%
Tarnobrzeg
74%
Bieszczadzki
73%
Mielecki
70%
Sanocki
70%
Dębicki
66%
Jarosławski
63%
Stalowowolski
62%
Jasielski
58%
Łańcucki
57%
Leski
55%
Leżajski
52%
Przeworski
49%
Brzozowski
48%
Kolbuszowski
48%
Lubaczowski
46%
Strzyżowski
42%
Niżański
41%
Ropczycko - Sędziszowski
41%

Rozkład punktacji

Percentyl według liczby udzielonych odpowiedzi

Procent ludzi z każdym wynikiem

Twoja historia wyników

Nie rozwiązałeś tego quizu